[Event "Campo Grande op"]
[Site "Campo Grande"]
[Date "2019.03.31"]
[Round "4"]
[White "Maachar, Sami Hiedeo Akamine"]
[Black "Rosse, Dayane Ernestine"]
[Result "1-0"]
[WhiteElo "1356"]
[BlackElo "1558"]
[PlyCount "51"]
[EventDate "2019.03.29"]
[EventType "swiss"]
[EventRounds "5"]
[EventCountry "BRA"]
[SourceTitle "CBM 190 Extra"]
[Source "ChessBase"]
[SourceDate "2019.07.15"]
[SourceVersion "1"]
[SourceVersionDate "2019.07.15"]
[SourceQuality "1"]

1. e4 e5 2. Nf3 Nc6 3. Bb5 a6 4. Ba4 b5 5. Bb3 Nf6 6. 0-0 Bc5 7. d3 0-0 8. c3 h6 9. h3 d5 10. exd5 Nxd5 11. Re1 Re8 12. Re2 Nf4 13. Bxf4 exf4 14. d4 Rxe2 15. Qxe2 Bb6 16. Nbd2 Bb7 17. Re1 Qd7 18. Ne5 Nxe5 19. Qxe5 Kf8 20. Qxf4 Re8 21. Re3 c5 22. Rxe8+ Qxe8 23. Qd6+ Qe7 24. Qxb6 c4 25. Nxc4 bxc4 26. Bxc4 1-0